[Event "Qatar Masters op"]
[Site "Doha"]
[Date "2014.12.03"]
[Round "8"]
[White "Giri, Anish"]
[Black "Yu, Yangyi"]
[Result "0-1"]
[WhiteElo "2776"]
[BlackElo "2705"]
[Annotator "Yu,Yangyi"]
[PlyCount "182"]
[EventDate "2014.11.26"]
[EventType "swiss"]
[EventRounds "9"]
[EventCountry "QAT"]
[SourceTitle "CBM 164"]
[Source "ChessBase"]
[SourceDate "2015.01.15"]
[SourceVersion "1"]
[SourceVersionDate "2015.01.15"]
[SourceQuality "1"]

{After seven rounds Giri and Kramnik were jointly heading the table with 6.0/7,
followed by me and UAE GM Salem with 5.5/7 each. In round eight I had to face
Giri, the top seed in this tournament and currently ranking among the world's
top 10. Giri had won his first six games but lost in round seven against
Kramnik. Prior to the game I did not think too much about all the things that
could happen. I tried to remain calm and told myself that I just wanted to
play a good game. I believe this mindset is one reason for my decent
performance. Of course, this was not the first time Giri and I had met. We
were both born in 1994 and our paths have crossed several times. My last game
against Giri at the Reykjavik Open in Iceland 2013 ended in a draw.} 1. d4 Nf6
2. c4 e6 3. Nf3 d5 4. Nc3 Bb4 5. cxd5 exd5 6. Bg5 h6 7. Bh4 c5 8. e3 c4 9. Be2
{Up to this point we both played pretty fast. I had already played this line
of the Queens Gambit Declined (D38) quite often. However, when preparing I
noticed how well my opponent knows the openings, and I assumed he had
thoroughly analysed this line.} Bf5 $1 {A rare move, which I had analysed with
a friend. Now Giri spent quite a bit of time thinking about his response. This
indicates that he was not prepared for the unexpected 9...Bf5.} (9... g5 $5 10.
Bg3 $13) 10. O-O Bxc3 11. bxc3 O-O 12. Rc1 (12. Nd2 g5 13. Bg3 Re8 14. a4 (14.
Be5 Nc6 15. Bxf6 Qxf6 $11) 14... Nbd7 $13) 12... Nbd7 13. Ne5 Qb6 {So far all
the moves had been rather natural and now the position seems to be roughly
equal. White has the pair of bishops, but the position is rather closed. Black
has no major weakness and his strong bishop on f5 prevents the white rooks
from going to b1. And the pawn on c3 can easily become vulnerable. Given
White's inability to gain control over the b-file, Black can try to take
advantage of his queenside majority and simply advance his pawns, e.g. ...b5
and ...a5. All in all White's position is more difficult to play, and he can
quickly run into trouble if he proceeds carelessly.} 14. Nxd7 {I think White
should first play 14.Bf3 and avoid the exchange of minor pieces. Then it is
more difficult for Black to play ...Qc6, ...b5, ...a5 to set a strong pawn
avalanche in motion. But after 14.Bf3 Qe6 Black's position should still be
quite okay.} (14. Bf3 $5 Qe6 15. Nxd7 Nxd7 16. Qa4 Qc6 17. Qa5 b5 18. a4 a6 $11
) 14... Nxd7 15. Qd2 (15. Bg3 Qc6 16. a4) (15. Bg4 Bxg4 16. Qxg4 Qc6 17. Rb1 b5
) 15... Rfe8 16. Rfe1 Qc6 {I assessed my position as being already very good
and much easier to play. Black's obvious and simple plan is to advance his
queenside pawns, whereas White will not be able to break through in the centre
with f3 and e4 because Black controls the key squares.} 17. f3 (17. Qb2 b5 18.
Bd1 Nb6 $15) 17... b5 18. Bf1 a5 $15 19. g4 Bg6 20. Bg3 Nb6 21. a3 Re7 22. h3
Rea7 {I was planning to sacrifice a pawn with ...b4 followed by ...Ra2. In
conjunction with the passed pawn on c4 the rook on the second rank would make
it difficult for White move.} 23. Qb2 {A strong move averting my plan to play .
..b4, as White could then re-capture on b4 with his queen.} Na4 (23... b4 24.
axb4) 24. Qd2 Nb6 25. Qb2 Bd3 $1 {Now after White prevented all good
opportunities to play ...b4 I had to find a new plan. First, I first wanted to
force White's white-squared bishop to a worse square.} 26. Bg2 (26. Bxd3 cxd3
27. Qd2 Nc4 28. Qxd3 Nxa3 29. e4 Nc4 $17) 26... Re8 $1 {My new plan was to
shift my rooks from the a- to the e-file to exert pressure on e3, and to put
my knight and my queen on squares from which they eyed the queen - and the
kingside, thus creating the dual threats of ...b4 and ...f5. It is not easy
for White to find a good defence against this plan.} 27. Ra1 Rae7 28. Qc1 Re6
29. Ra2 Qd7 30. Bf2 Na4 31. Rd2 (31. Bg3 Qe7) 31... Qd6 {Now all of Black's
pieces are perfectly-placed. I'm threatening both ...b4 and ...f5. If White
plays 32.Qa2 to prevent ...b4, I can play 32...f5, followed by ...Rg6
launching an attack on the kingside. White's pawns do not make a good
impression and they hinder White's pieces from occupying and defending
important squares.} 32. Kh1 {My opponent makes a prophylactic move on the
kingside. But this finally allows my b4-breakthrough on the queenside.} (32.
Ra2 f5 $1 {[%cal Ge6g6]}) 32... b4 $1 33. axb4 axb4 34. cxb4 Qxb4 $17 {Black
has a clear advantage and can infiltrate White's position via the a- and the
b-files.} 35. e4 $6 {Maybe my opponent had overlooked that after 35...dxe4 36.
d5 Black can play 36...e3!} dxe4 36. fxe4 (36. d5 e3 $19) 36... Bxe4 37. Rxe4
Rxe4 38. Bxe4 Rxe4 {This position must be winning for Black. He is a pawn up,
his pieces are more active, and White is still struggling to gain space.} 39.
Qc2 c3 40. Rd1 Re7 {Maybe 40...Re8 is even more precise. I had calculated 41.
d5 Qb2 42.Qxa4 attacking my rook on e8, hence I moved my rook to e7. Later,
when I was looking at the game with an engine, I saw that 42...Re2 would win
the piece back - and win the game.} (40... Re8 $1 41. d5 Qb2 $1 42. Qxa4 Re2 $1
$19 43. d6 Rxf2 44. Qa8+ Kh7 $19) 41. Rb1 {Very accurate defence.} (41. d5 $2
Qb2 $19) 41... Nb2 42. Re1 Rxe1+ (42... Qb7+ 43. Kg1 (43. Kh2 Rxe1 44. Bxe1 Nd1
$1 $19) 43... Rxe1+ 44. Bxe1 Qf3 45. Qxc3 Nd3 46. Qc8+ Kh7 $19) 43. Bxe1 Na4 $2
{I didn't spend too much time here. 43...Na4 is actually not a good move. I
deemed Black's advantage to be decisive but underestimated White's advanced
d-pawn, which quite annoyingly ties up Black's pieces. If I give up my pawn on
c3 for White's d-pawn, the resulting endgame will be a lengthy battle. The
best continuation would have been 43...Qb7+ followed by 44...Qf3. White's
awkward kingside pawns leave his king exposed, allowing Black's queen and
knight to penetrate White's kingside and create mating threats. Black will
very likely win White's bishop or at the very least the h- and the g-pawn.} (
43... Qb7+ $1 $19 44. Kg1 Qf3 45. Qxc3 Nd3 46. Qd2 (46. d5 Qe3+ 47. Kf1 Qxh3+
48. Ke2 Nf4+ $19) 46... Nf4 47. d5 Nxh3+ 48. Kh2 Qxg4 49. d6 Ng1 $19) 44. d5
Qd4 {I had initially planned 44...Qc4 but had to abandon this idea after
realising that White can simply play 45.Kg1. After long thought I decided to
go for 44...Qd4.} (44... Qc4 45. Kg1) 45. d6 {Up to here Giri had defended
remarkably well, considering the enormous pressure he had been facing during
the whole game. A true reflection of his strength.} Nc5 {Played after about 25
minutes. My initial plan after 44...Qd4 was to continue with 45...Qe3, but
then I saw that White could play 46.Kg2 after which my advantage would get
less and less. I also thought about ...Kf8 but was a bit too worried. After
the game the engines suggested that ...Kf8 is not such a bad move! The text
move leads to an endgame that is not easy to win for Black but not easy to
draw for White either. At least I wanted to maintain the pressure on White.} (
45... Qe3 $6 46. Kg2 $1) (45... Kf8 $5 46. Qf5 g6 (46... g5 47. Bf2 (47. Qc8+
Kg7 48. d7 Qe4+)) 47. Qc8+ Kg7 48. Kg2 (48. d7 Qe4+) 48... Qd5+ $19) 46. Qxc3
Qxd6 47. Qf3 Qe6 48. Bf2 Ne4 49. Be3 Qc4 50. Bf4 Qc2 51. Kg1 Qc5+ 52. Kg2 Qd4
53. Be3 Qb2+ 54. Kg1 Qb1+ 55. Kg2 Qc2+ 56. Kg1 Nc3 57. Bf2 Qd2 58. Kf1 Nd5 59.
Kg2 Nf4+ 60. Kg3 Nd5 {Here we both had less than ten minutes left though I was
a bit better on the clock. I also had the initiative and thus a psychological
edge.} 61. Kg2 Nf6 62. Qf5 Qc3 63. Qf3 Qc2 64. Qa8+ Kh7 65. Qf3 Qc4 66. Qf5+
Kg8 67. Qf3 Ne4 68. Be3 f6 69. Bf4 Kf7 70. Be3 Qd5 71. Kg1 Ke6 72. Kg2 Kd7 73.
Kg1 Kd6 74. Qe2 Ke6 75. Qf3 Qe5 76. Kh1 Kf7 77. Bf4 Qd5 78. Kg2 Kg6 79. Be3 Qe6
80. Bf4 Nc5 81. Bg3 Qc4 82. Qe3 Qc2+ {We were in the fifth hour of a mentally
and physically exhausting game. Here I had about nine minutes left on the
clock, whereas my opponent was down to one minute. Probably afraid of mistakes
in extreme time pressure he tried to find a tactical way to secure a draw.} 83.
Qf2 Qc4 84. Qe3 Ne4 85. Bf4 Qc2+ 86. Kf3 Nc3 {Right after making this move I
saw that White could play 87.Bxh6. And my opponent went for it straight away.
I was forced to remain calm and pull myself together. I said to myself that it
would be miraculously unfair to fall victim to such a tactical blow in a
position with so few pieces on the board. 87...gxh6 would of course end in a
perpetual, but Black is not forced to take the bishop. I took a sober look at
the position and after about one minute I found a response.} 87. Bxh6 $2 $138
Qh2 $1 $19 {I had calculated that this was winning for Black. After the game
the engine confirmed my assessment. My opponent had little time left. He will
lose his bishop without attaining the desired perpetual, and any attempt to
save the bishop will cost him his queen. It is fair to say, my queen and
knight harmonized very well with each other in penetrating White's exposed
king and exploiting the space advantage Black had throughout the entire game.}
88. Qe8+ (88. Bf4 Qxh3+ 89. Bg3 Qh1+) 88... Kh7 89. Bxg7 (89. Bf4 Qxh3+ 90. Bg3
Qh1+ 91. Ke3 Qg1+ 92. Kd2 Qd4+ 93. Kc2 Qxg4 $19) 89... Qh1+ $1 $19 (89... Qxh3+
90. Kf2 Kxg7 91. Qd7+ Kh6 92. g5+) 90. Kf2 Ne4+ 91. Ke2 Qg2+ {I felt relieved
and a bit lucky after this epic five hour battle. I had made a few
inaccuracies but by and large I had played a good game and was satisfied with
my performance. After the game I had dinner and went for a walk. Then I
returned to the hotel to rest and think about how to prepare for the game
against Kramnik in the final round.} 0-1